Memorandum of the Macedonian Scientific Institute - Sofia concerning the relations between the Republic of Bulgaria and the Republic of Macedonia (regarding the language dispute)

Bibliographic Details
Format: Book
Language:English
PhysicalDescription:24 s. 19 cm
Published: Sofia Macedonian Scientific Institute 1997
Subjects:

MARC

LEADER 00000nam a2200000 a 4500
001 vtls001333664
003 SK-MaSNL
005 20260301065938.0
008 251124s1997 BG 0 eng
020 |c [40,00] 
035 |a SNK000286588 
040 |a SNK  |b slo  |c SNK  |e AACR2 
044 |a BG 
080 |a 323.15(497.2:497.1)  |2 1981 
245 1 |a Memorandum of the Macedonian Scientific Institute - Sofia  |b concerning the relations between the Republic of Bulgaria and the Republic of Macedonia (regarding the language dispute) 
260 |a Sofia  |b Macedonian Scientific Institute  |c 1997 
300 |a 24 s.  |c 19 cm 
650 0 7 |a menšiny národnostné  |x problémy jazykové  |z Bulharsko  |z Macedónsko  |x memorandá  |2 SNK  |9 385426 
999 |c 632565  |d 634495 
952 |t P60, <04>, [BOOK], {604}  |a SNK  |b SNK  |y VYP  |7 0  |p 17A0140807  |o snkID 96336  |i snkV 742/98  |0 0  |1 0  |4 0  |d 1998-06-09  |l 0  |r 2005-01-02 00:00:00  |w 2026-02-23